000 00827nam a2200229 4500
001 121850
003 ES-MaACL
005 20230906191837.0
007 t|
008 070214s1977 gw r ||||1| spa d
100 1 _aPlum, Werner.
_992670
245 1 0 _aExposiciones mundiales en el siglo XIX
_b: espectáculos del cambio socio-cultural /
_cWerner Plum ; traducido por Leonardo Halpern.
260 _aBonn :
_bFriedrich-Ebert-Stiftung,
_c1977.
300 _a176 p. ;
_c18 cm.
490 1 _aAspectos sociales y culturales de la industrialización
700 1 _aHalpern, Leonardo.
_961621
710 2 _aFriedrich-Ebert-Stiftung.
_94189
830 0 _aAspectos sociales y culturales de la industrialización
_9186529
852 _aES-MaACL
_jA-6631
_bR.95611
852 _aES-MaACL
_jA-6831
_bR.95752
999 _c121850
_d121850